000 00535nam a2200205Ia 4500
003 OSt
005 20221005125927.0
006 a|||||r|||| 00| 0
007 ta
008 221004b |||||||| |||| 00| 0 eng d
024 _a113301
037 _cTextual
040 _aCRL
_cCRL
_beng
041 _2eng
_aeng
110 _aIndian Law Insititution
_9637326
245 0 _aProceeding of the Seminar on Current problem of corporate
700 _aIndian Law Insititution
_9637327
942 _cTEXL
_2cc
999 _c1055533
_d1055533